Noms des Jeux Pokémon - Mort Subite - Statistiques

Statistiques générales
  • Ce quiz a été pris 745 fois
  • Le résultat moyen est 12 sur 20
Answers on the Grid
Answers color-coded by a green-red scale on the quiz's grid according to % correct below.
Noir
Écarlate
Snap
Go
Donjon
Cristal
Émeraude
Jaune
Or
Diamant
Lune
Épée
Arceus
Ranger
Oméga
Nuit
Scintillante
Explorateurs
Rouge
Ténèbres
Chatoyant
Jade
Orange
Titane
Fight
Vermillon
Chevalier
Espace
Bronze
Mewtwo
Vent
Océan
Brawl
Smash
Neige
Sable
Turquoise
Gris
Pluie
Champignon
 
Statistiques - réponses
Réponse % Correct
Pokémon Diamant/Diamant Étincelant Diamant
78%
Pokémon Émeraude Émeraude
78%
Pokémon Épée Épée
77%
Pokémon Go/ Let's Go Pilachu/ Let's Go Évoli Go
76%
Pokémon Rouge/Rouge Feu/Donjon Mystère: Équipe de secours Rouge Rouge
76%
Pokémon Or/Or Heartgold Or
75%
Pokémon Noir/Noir 2 Noir
73%
Pokémon Écarlate Écarlate
72%
Pokémon Lune/Ultra-Lune Lune
71%
Légendes Pokémon: Arceus Arceus
70%
Pokémon Jaune Jaune
68%
Pokémon Donjon Mystère Donjon
62%
Pokémon Cristal Cristal
60%
Pokémon Rubis Oméga Oméga
59%
Pokémon Ranger Ranger
53%
Pokémon Snap/New Pokémon Snap Snap
51%
Pokémon Perle Scintillante Scintillante
47%
Pokémon Donjon Mystère: Explorateurs du Ciel/de l'Ombre/du Temps Explorateurs
37%
Pokémon Ranger: Nuit sur Almia Nuit
9%
Pokémon XD: Le Souffle des Ténèbres Ténèbres
8%
Aucun quiz correspondant
Distribution des résultats
% des personnes avec chaque résultat
Percentile par nombre de réponses
Votre historique - résultats
Vous n’avez pas pris ce quiz